| 000 | 01850cam a22004454a 4500 | ||
|---|---|---|---|
| 999 |
_c50518 _d50518 |
||
| 001 | 13402012 | ||
| 005 | 20200217173521.0 | ||
| 008 | 030606s2003 gw a 001 0 eng | ||
| 010 | _a 2003278510 | ||
| 020 | _a1588901750 (New York) | ||
| 020 | _a3135624048 (Stuttgart) | ||
| 040 |
_aDLC _cDLC _dDLC |
||
| 041 | 1 |
_aeng _hger |
|
| 042 | _apcc | ||
| 050 | 0 | 0 |
_aQM557 _b.K8513 2003 |
| 080 | _a576(084.4) K-89 | ||
| 100 | 1 |
_aKühnel, Wolfgang, _d1934- _97123 |
|
| 240 | 1 | 0 |
_aTaschenatlas der Zytologie, Histologie, und mikroskopischen Anatomie. _lEnglish |
| 245 | 1 | 0 |
_aColor atlas of cytology, histology, and microscopic anatomy / _cWolfgang Kuehnel ; [translated by Ursula Peter-Czichi]. |
| 246 | 3 | 0 | _aCytology, histology, and microscopic anatomy |
| 250 | _a4th ed., rev. and enl. | ||
| 260 |
_aStuttgart ; _aNew York : _bThieme, _cc2003. |
||
| 300 |
_aix, 534 p. : _bill. (chiefly col.) ; _c19 cm. |
||
| 440 | 0 |
_aThieme flexibook _97124 |
|
| 500 | _aRev. ed. of: Pocket atlas of cytology, histology, and microscopic anatomy. 3rd ed., rev. and enl. 1992. | ||
| 500 | _a"Authorized translation of the 11th German ed. ... 2002"--T.p. verso. | ||
| 500 | _aIncludes index. | ||
| 650 | 0 |
_aHistology _vAtlases. _97125 |
|
| 650 | 0 |
_aCytology _vAtlases. _97126 |
|
| 650 | 1 | 2 |
_aCells _xultrastructure _vAtlases. _97127 |
| 650 | 2 | 2 |
_aHistology _vAtlases. _97125 |
| 653 | _aციტოლოგია | ||
| 653 | _aჰისტოლოგია | ||
| 653 | _aანატომიის ფერადი ატლასი | ||
| 700 | 1 |
_aKühnel, Wolfgang, _d1934- _tPocket atlas of cytology, histology, and microscopic anatomy. _97128 |
|
| 856 | 4 | 2 |
_3Book review (E-STREAMS) _uhttp://www.e-streams.com/es0703/es0703_3057.html |
| 906 |
_a7 _bcbc _corigcop _d3 _encip _f20 _gy-gencatlg |
||
| 942 |
_2udc _cBK |
||
| 955 |
_apx01 _cpx01 2003-11-13 |
||